|
|
|
|
| LEADER |
03694nam a2200913 i 4500 |
| 001 |
nkc20152708508 |
| 003 |
CZ PrNK |
| 005 |
20160106083258.0 |
| 007 |
ta |
| 008 |
151118s2015 xr h e 000 0dcze |
| 015 |
|
|
|a cnb002708508
|
| 020 |
|
|
|a 978-80-906056-1-9
|q (brožováno)
|
| 035 |
|
|
|a (OCoLC)939571371
|
| 040 |
|
|
|a BOA001
|b cze
|d OLA001
|d ABA001
|e rda
|
| 041 |
1 |
|
|a cze
|h ger
|
| 043 |
|
|
|a e-sz---
|
| 045 |
|
|
|a x0x2
|
| 072 |
|
7 |
|a 29
|x Moderní duchovní hnutí
|2 Konspekt
|9 5
|
| 080 |
|
|
|a 2-78
|2 MRF
|
| 080 |
|
|
|a 005.745-027.543
|2 MRF
|
| 080 |
|
|
|a 299.72
|2 MRF
|
| 080 |
|
|
|a 141.333
|2 MRF
|
| 080 |
|
|
|a 299.72-1/-9
|2 MRF
|
| 080 |
|
|
|a 255.83
|2 MRF
|
| 080 |
|
|
|a 27
|2 MRF
|
| 080 |
|
|
|a 133
|2 MRF
|
| 080 |
|
|
|a (494.32)
|2 MRF
|
| 080 |
|
|
|a (081)
|2 MRF
|
| 080 |
|
|
|a (093)
|2 MRF
|
| 100 |
1 |
|
|a Prokof‘jev, Sergej Olegovič,
|d 1954-2014
|7 jn20010601370
|4 aut
|
| 240 |
1 |
0 |
|a Weinachtstagung und die Begründung der neuen Mysterien.
|l Česky
|
| 245 |
1 |
0 |
|a Vánoční sjezd a založení nových mysterií /
|c Sergej O. Prokofjev, Peter Selg ; podle 1. vydání nakladatelství Institutu Ity Wegmanové z roku 2011 přeložila Eva Oliveriusová
|
| 250 |
|
|
|a Vydání první
|
| 264 |
|
1 |
|a Praha :
|b Anthroposofická společnost v České republice,
|c 2015
|
| 300 |
|
|
|a 100 stran :
|b faksimile ;
|c 21 cm
|
| 336 |
|
|
|a text
|b txt
|2 rdacontent
|
| 337 |
|
|
|a bez média
|b n
|2 rdamedia
|
| 338 |
|
|
|a svazek
|b nc
|2 rdacarrier
|
| 490 |
1 |
|
|a Studium
|
| 490 |
1 |
|
|a Přednášky k anthroposofické christologii ;
|v svazek 4
|
| 500 |
|
|
|a Přeloženo z němčiny
|
| 500 |
|
|
|a 500 výtisků
|
| 504 |
|
|
|a Obsahuje bibliografii a bibliografické odkazy
|
| 600 |
1 |
7 |
|a Steiner, Rudolf,
|d 1861-1925
|7 jn19990009728
|2 czenas
|
| 610 |
2 |
7 |
|a Anthroposofická společnost
|7 kn20030521003
|2 czenas
|
| 648 |
|
4 |
|a 1923-1924
|
| 648 |
|
7 |
|a 1921-1930
|7 ch460580
|2 czenas
|
| 648 |
|
7 |
|a 1901-1930
|7 ch601415
|2 czenas
|
| 650 |
0 |
7 |
|a náboženské společnosti
|7 ph123381
|y 1921-1930
|2 czenas
|
| 650 |
0 |
7 |
|a mezinárodní kongresy
|7 ph122806
|z Švýcarsko
|y 1921-1930
|2 czenas
|
| 650 |
0 |
7 |
|a antropozofické hnutí
|7 ph836150
|y 1901-1930
|2 czenas
|
| 650 |
0 |
7 |
|a antropozofie
|7 ph118535
|y 1901-1930
|2 czenas
|
| 650 |
0 |
7 |
|a antropozofické učení
|7 ph208675
|y 1901-1930
|2 czenas
|
| 650 |
0 |
7 |
|a mystéria
|7 ph123079
|x antropozofické pojetí
|2 czenas
|
| 650 |
0 |
7 |
|a křesťanství
|7 ph115073
|x antropozofické pojetí
|2 czenas
|
| 650 |
0 |
7 |
|a esoterismus
|7 ph114484
|x antropozofické pojetí
|2 czenas
|
| 650 |
0 |
9 |
|a religious societies
|y 1921-1930
|2 eczenas
|
| 650 |
0 |
9 |
|a international congresses
|z Switzerland
|y 1921-1930
|2 eczenas
|
| 650 |
0 |
9 |
|a Anthroposophical movement
|y 1901-1930
|2 eczenas
|
| 650 |
0 |
9 |
|a anthroposophy
|y 1901-1930
|2 eczenas
|
| 650 |
0 |
9 |
|a anthroposophic doctrine
|y 1901-1930
|2 eczenas
|
| 650 |
0 |
9 |
|a mysteries
|x anthroposophical approach
|2 eczenas
|
| 650 |
0 |
9 |
|a Christianity
|x anthroposophical approach
|2 eczenas
|
| 650 |
0 |
9 |
|a esoterism
|x anthroposophical approach
|2 eczenas
|
| 651 |
|
7 |
|a Dornach (Švýcarsko)
|7 ge129070
|2 czenas
|
| 651 |
|
9 |
|a Dornach (Switzerland)
|2 eczenas
|
| 655 |
|
7 |
|a sborníky
|7 fd163935
|2 czenas
|
| 655 |
|
7 |
|a dokumenty
|7 fd132064
|2 czenas
|
| 655 |
|
9 |
|a papers by one author
|2 eczenas
|
| 655 |
|
9 |
|a documents
|2 eczenas
|
| 700 |
1 |
|
|a Selg, Peter,
|d 1963-
|7 jx20090120020
|4 aut
|
| 700 |
1 |
|
|a Oliveriusová, Eva,
|d 1928-2020
|7 jk01091061
|4 trl
|
| 830 |
|
0 |
|a Studium (Anthroposofická společnost v České republice)
|0 s
|
| 830 |
|
0 |
|a Přednášky k anthroposofické christologii
|0 s
|
| 910 |
2 |
|
|a BOA001
|b 2-1355.841
|
| 990 |
|
|
|a BK
|
| 995 |
|
|
|a 01
|
| 991 |
|
|
|b 201511
|c NOV
|
| 996 |
6 |
|
|b 2610650953
|c 2-1355.841
|l MZK
|r Sklad / do 1 hodiny
|n 0
|p p.v.
|w 001531887
|u 000010
|a 1
|e BOA001
|j MZK50
|s P
|